000 00338nam a2200133 i 4500
001 bg
100 1 _aWITTE, R.
245 0 _aDas Betriebsverhalten atmospharisch beeinfluster Trockenkuhlturme /
_cR. Witte.
260 _aDusseldorf,
_c1983.
040 _cBPK
041 _apol
942 _cKS
008 s pl f |000 0 pol
999 _c22653
_d22653
856 _uhttp://koha.tu.koszalin.pl/cgi-bin/koha/opac-detail.pl?biblionumber=22653
_yKatalog online BPK